Southville International School and Colleges
Your cart is empty.
  • Cart
  • Lists
    Public lists Eva Luna New books Lux_list list_1
    Your lists Log in to create your own lists
  • Log in to your account
  • Your cookies
  • Search history
Southville International School and Colleges
  • Advanced search
  • Recent comments
  • Most popular
  • Libraries

Log in to your account

Log in with GOOGLE


If you do not have an external account, but do have a local account, you can still log in:

  1. Home
  2. MARC view: The Miracle nutrient :
Normal view MARC view ISBD view

The Miracle nutrient : (Record no. 39252)

[ view plain ]
MARC details
000 -LEADER
fixed length control field 00509nam a2200181 a 4500
005 - DATE AND TIME OF LATEST TRANSACTION
control field 20140311163003.0
008 - FIXED-LENGTH DATA ELEMENTS--GENERAL INFORMATION
fixed length control field 030224s19uu xx 00 eng d
020 ## - INTERNATIONAL STANDARD BOOK NUMBER
International Standard Book Number 0553262335
050 ## - LIBRARY OF CONGRESS CALL NUMBER
Classification number RA 784
Item number .B649 1986
100 ## - MAIN ENTRY--PERSONAL NAME
Personal name Bliznakov, Emile G.
245 ## - TITLE STATEMENT
Title The Miracle nutrient :
Remainder of title Coenzyme Q10 /
Statement of responsibility, etc Emile G. Bliznakov.
300 ## - PHYSICAL DESCRIPTION
Extent 240 p. :
Dimensions 17 cm.
521 ## - TARGET AUDIENCE NOTE
Target audience note
650 ## - SUBJECT ADDED ENTRY--TOPICAL TERM
Topical term or geographic name as entry element Ubiquinones
General subdivision therapeutic use
650 ## - SUBJECT ADDED ENTRY--TOPICAL TERM
Topical term or geographic name as entry element Heart diseases
General subdivision chemoprevention
942 ## - ADDED ENTRY ELEMENTS (KOHA)
Koha item type Books
Source of classification or shelving scheme Library of Congress Classification
Call number prefix Local
Holdings
Withdrawn status Lost status Source of classification or shelving scheme Damaged status Home library Current library Shelving location Date acquired Source of acquisition Cost, normal purchase price Total Checkouts Full call number Barcode Date last seen Copy number Price effective from Koha item type
    Library of Congress Classification   Archives Archives   02/24/2003 Donation 109.00   RA 784 .B649 1989 C2220 05/15/2018 1 10/10/2013 Books

The Miracle nutrient :

APA

Bliznakov E. G., .The Miracle nutrient. : .

Chicago

Bliznakov Emile G, .The Miracle nutrient. : .

Harvard

Bliznakov E. G., .The Miracle nutrient. : .

MLA

Bliznakov Emile G, .: . .

  • Place hold
  • Print
  • Cite
  • Add to your cart (remove)
  • Save record
    BIBTEX Dublin Core MARCXML MARC (non-Unicode/MARC-8) MARC (Unicode/UTF-8) MARC (Unicode/UTF-8, Standard) MODS (XML) RIS
  • More searches
    Search for this title in:
    Other Libraries (WorldCat) Other Databases (Google Scholar) Online Stores (Bookfinder.com) Open Library (openlibrary.org)

Exporting to Dublin Core...

SOUTHVILLE LIBRARY

Southville International School and Colleges Library

1281 Tropical Ave. Cor. Luxembourg St., BF Homes International, Las Pinas City

Tel. No. 8256374 / 252358 Loc. 117/146

Powered by Koha